| 000 | 00755nam a2200253 i 4500 | ||
|---|---|---|---|
| 001 | bg | ||
| 100 | 1 | _aSIDE, Richard | |
| 245 | 1 | 0 |
_aGrammar and vocabulary for Cambridge advanced and proficiency : _b[with key] / _cRichard Side and Guy Wellman. |
| 250 | _a3rd impr. | ||
| 260 |
_aHarlow : _bLongman, _c2001. |
||
| 300 |
_a286 s. : _brys. ; _c28 cm. |
||
| 650 | 9 |
_aJęzyk angielski _xgramatyka |
|
| 650 | 9 |
_aJęzyk angielski _xsłownictwo |
|
| 655 | _aĆwiczenia i zadania | ||
| 700 | 1 | _aWELLMAN, Guy | |
| 020 | _a0582419638 | ||
| 040 | _cBPK | ||
| 041 | 0 | _aen | |
| 080 | _a811.111'36/'37(076) | ||
| 920 | _a0-582-41963-8 | ||
| 942 | _cKS | ||
| 008 | s pl f |000 0 pol | ||
| 999 |
_c40112 _d40112 |
||